| 000 | 00581nam a2200205 u 4500 | ||
|---|---|---|---|
| 005 | 20230623063603.0 | ||
| 008 | 111031s2002 mx r 000 0 spa d | ||
| 020 | _a9706883444 | ||
| 035 | _aUPN01000182375 | ||
| 049 | _aI | ||
| 050 | 4 |
_aPQ7298.12 R7 _bP7.5 2002 |
|
| 100 | 1 |
_aBrozon, M. B., _d1970- _931044 |
|
| 245 | 1 | 4 |
_aLas princesas siempre andan bien peinadas / _cM. B. Brozon. |
| 250 | _a2a ed. | ||
| 260 |
_aMéxico : _bSM, _c2002. |
||
| 300 |
_a134 p. : _bil. |
||
| 440 | 3 |
_aEl barco de vapor ; _v8 |
|
| 650 | 4 |
_aCuentos infantiles mexicanos _97723 |
|
| 905 | _aInfantil | ||
| 999 |
_c154478 _d154478 |
||